A text book of Biology First Paper Eleven-Twelve Class / (Record no. 5524)
[ view plain ]
| 000 -LEADER | |
|---|---|
| fixed length control field | 00592nam a2200217 a 4500 |
| 001 - CONTROL NUMBER | |
| JCCL Control Number | 5524 |
| 003 - CONTROL NUMBER IDENTIFIER | |
| JCCL marc code | BD-JhCC |
| 005 - DATE AND TIME OF LATEST TRANSACTION | |
| control field | 20210316134020.0 |
| 008 - FIXED-LENGTH DATA ELEMENTS--GENERAL INFORMATION | |
| fixed length control field | 171217b2014 bg a|||| ||a| 000 0 ben d |
| 035 ## - SYSTEM CONTROL NUMBER | |
| system control number | (BD-JhCC)5524 |
| 040 ## - CATALOGING SOURCE | |
| Original cataloging agency | BD-JhCC |
| Modifying agency | BD-JhCC |
| 041 ## - LANGUAGE CODE | |
| Language code of Book | ben |
| 082 ## - DEWEY DECIMAL CLASSIFICATION NUMBER | |
| Classification number | 570 |
| Author mark and Year | RAH 2014 |
| 100 ## - MAIN ENTRY--PERSONAL NAME | |
| Personal name | Rahman, Md Atiqur |
| 245 ## - TITLE STATEMENT | |
| Title | A text book of Biology First Paper Eleven-Twelve Class / |
| Statement of responsibility, etc | Md Atiqur Rahman |
| 260 ## - PUBLICATION, DISTRIBUTION, ETC. (IMPRINT) | |
| Place of publication, distribution, etc | Dhaka : |
| Name of publisher, distributor, etc | Saju Printing Press & Punlications, |
| Date of publication, distribution, etc | 2014. |
| 300 ## - PHYSICAL DESCRIPTION | |
| Pagination | 406 p. : |
| Dimensions | 22 cm. |
| Other physical details | illu, |
| 650 ## - SUBJECT ADDED ENTRY--TOPICAL TERM | |
| Topical term or geographic name as entry element | Biology |
| 942 ## - ADDED ENTRY ELEMENTS (KOHA) | |
| Source of classification or shelving scheme | Dewey Decimal Classification |
| Koha item type | Books |
| Koha issues (borrowed), all copies | 1 |
| Source of classification or shelving scheme | Damaged status | Not for loan | Home library | Current library | Shelving location | Date of accession | Cost, normal purchase price | Total Checkouts | Full call number | Barcode | Date last seen | Date checked out | Copy number | Koha item type |
|---|---|---|---|---|---|---|---|---|---|---|---|---|---|---|
| Dewey Decimal Classification | JCC Rouf Library | JCC Rouf Library | General Stacks | 12/17/2017 | 450.00 | 5 | 570 ATI 2014 | 7630 | 01/22/2025 | 01/21/2025 | C-1 | Books | ||
| Dewey Decimal Classification | JCC Rouf Library | JCC Rouf Library | General Stacks | 04/09/2019 | 450.00 | 1 | 570 RAH 2014 | 14707 | 05/12/2024 | 05/08/2024 | C-2 | Books | ||
| Dewey Decimal Classification | JCC Rouf Library | JCC Rouf Library | General Stacks | 08/28/2019 | 360.00 | 6 | 570 RAH 2019 | 15546 | 07/24/2024 | 07/02/2024 | C-3 | Books | ||
| Dewey Decimal Classification | JCC Rouf Library | JCC Rouf Library | General Stacks | 08/28/2019 | 360.00 | 1 | 570 RAH 2019 | 15545 | 06/18/2023 | 05/31/2023 | C-4 | Books | ||
| Dewey Decimal Classification | JCC Rouf Library | JCC Rouf Library | General Stacks | 08/28/2019 | 360.00 | 2 | 570 RAH 2019 | 15544 | 11/15/2023 | 10/16/2023 | C-5 | Books | ||
| Dewey Decimal Classification | JCC Rouf Library | JCC Rouf Library | General Stacks | 08/28/2019 | 360.00 | 4 | 570 RAH 2019 | 15548 | 06/02/2024 | 04/30/2024 | C-6 | Books | ||
| Dewey Decimal Classification | JCC Rouf Library | JCC Rouf Library | General Stacks | 08/28/2019 | 360.00 | 5 | 570 RAH 2019 | 15547 | 09/02/2025 | 01/20/2025 | C-7 | Books |